Opening Lyrics - TV Edition II Quiz Stats

 Plays Quiz Updated Oct 3, 2018

Score 0/20 Timer 06:00
1 Play Today
Opening line TV Series % Correct
Love, exciting and new. Come aboard, we've been expecting you...The Love Boat
75.9%
[show title] is the place to be! Farm living is the life for me...Green Acres
66.9%
Sunny day. Sweepin' the clouds away...Sesame Street
62.6%
All the little kids growing up on the skids go 'Cleveland rocks! Cleveland rocks!'...The Drew Carey Show
59.8%
Who's the leader of the club that's made for you and me...The Mickey Mouse Club
47.7%
Our whole universe was in a hot dense state...The Big Bang Theory
46.3%
I don't want to wait for our lives to be over...Dawson's Creek
43.7%
Now, the world don’t move to the beat of just one drum...Diff'rent Strokes
33.7%
Come and ride the little train that is rolling down the tracks to the junction...Petticoat Junction
31.7%
Out here in the fields I fight for my meals...CSI: New York
28%
Opening line TV Series % Correct
You woke up this morning. Got yourself a gun...The Sopranos
25.5%
There's a man who leads a life of danger. With every move he makes, he stays a stranger...Danger Man/Secret Agent
24.1%
Baby, if you ever wondered, wondered whatever became of me…WKRP in Cincinnati
22.3%
Lady Godiva was a freedom rider. She didn't care if the whole world looked...Maude
17.7%
[show title] Any time you make a payment, [show title] any time you need a friend...Good Times
15.4%
This is it. This is life, the one you get so go and have a ball...One Day At A Time
8.8%
Whatever it takes I know I can make it through...Degrassi
8.4%
A long time ago we used to be friends but I haven't thought of you lately...Veronica Mars
8%
Some walk by night, Some fly by day, Nothing could change you, Set and sure of the way...Moonlighting
7.8%
And I won't go, I won't sleep, I can't breathe, until you're resting here with me...Roswell
4.7%

You're not logged in!

Compare scores with friends on all Sporcle quizzes.
OR
Log In

Sporcle TV

Today on Sporcle TV


Watch our educational content, quiz creation guides, and fun videos on Sporcle TV.

Show Comments

Extras

Top Quizzes Today


Score Distribution

Your Account Isn't Verified!

In order to create a playlist on Sporcle, you need to verify the email address you used during registration. Go to your Sporcle Settings to finish the process.

Report this User

Report this user for behavior that violates our Community Guidelines.

Details: